| 000 | 00918nas a2200289 4500 | ||
|---|---|---|---|
| 001 | BR2011005963 | ||
| 003 | BR-BrBNA | ||
| 005 | 20231205115637.0 | ||
| 007 | ta | ||
| 008 | 230509b bl.|||p| |||| 00| 00por d | ||
| 040 |
_aBR-BrBNA _bpor _cBiblioteca Nacional de Agricultura |
||
| 041 | _a(Pt) | ||
| 072 | _aU10; K50 | ||
| 100 | 1 | _aMendonça, A.R. de | |
| 100 | 1 | _aCalegario, N. | |
| 100 | 1 | _aSilva, G.F. da | |
| 100 | 1 | _aBorges, L.A.C. | |
| 100 | 1 | _aCarvalho, S.P.C. e | |
| 245 | 1 | _aModelos hiposométricos e de crescimento em altura das árvores dominantes e codominates para Pinus caribaea var. hondurensis | |
| 650 | _aPINUS CARIBAEA | ||
| 650 | _aPINHEIRO | ||
| 650 | _aMODELO MATEMÁTICO | ||
| 650 | _aCRESCIMENTO | ||
| 773 | 0 |
_tScientia Forestalis (Brazil) _xISSN 1413-9324 _g(Jun 2011), v. 39(90) p. 151-160 _wBR2011005963 |
|
| 909 |
_a202311 _bLúcia _c55 _dLúcia Elande |
||
| 942 |
_2AGRIS _n0 _cANA |
||
| 999 |
_c214982 _d214982 |
||